Statistiken für Top 15 der betroffenen Covid-19-Länder - 27. September

Klicken Sie hier um das Quiz zu spielen!

Allgemein

  • Dieses Quiz wurde 10 mal gespielt
  • Das Durchschnittsergebnis liegt bei 13 aus 24

Antwortstatistiken

Land% Korrekt
Brasilien
100%
Indien
100%
Vereinigte Staaten
100%
Argentinien
78%
Mexiko
78%
Peru
78%
Spanien
78%
Kolumbien
67%
Russland
67%
Vereinigtes Königreich
67%
Chile
56%
Chile
56%
Bangladesch
44%
Frankreich
44%
Iran
44%
Israel
33%
Katar
33%
Kuwait
33%
Oman
33%
Südafrika
33%
Armenien
22%
Bahrain
22%
Panama
22%
Costa Rica
11%

Verteilung der Resultate

Perzentil nach korrekt beantworteten Fragen

Anzahl Personen mit jedem Resultat

Ihre Resultats-Entwicklung

Sie haben dieses Quiz noch nicht gespielt